000
00505nam a2200169Ia 4500
008
090711s9999 xx 000 0 und d
082
_b
1864
100
_a
कानसकर किसन
245
_a
अग्निवलय
260
_b
राज पब्लिकेशन्स
_c
1999
300
_a
120
600
_a
कानसकर किसन
630
_a
अग्निवलय
700
_a
कानसकर किसन
730
_a
अग्निवलय
942
_c
BOOK
999
_c
334743
_d
334743